|
|
|
|
| LEADER |
00000ny a22000003n 4500 |
| 005 |
20110621103724.0 |
| 008 |
091214s2004 sp 000 0 eng d |
| 020 |
|
|
|a 9788498493351
|
| 035 |
|
|
|a 409
|
| 040 |
|
|
|a SpMaUCDE
|d vLex
|
| 080 |
|
|
|a 347(460)(075.8)
|
| 080 |
|
|
|a 347.65/.68(460)(075.8)
|
| 090 |
|
|
|c 905
|d 905
|
| 100 |
1 |
|
|a LLed ̤Yagüe, Francisco.
|
| 245 |
1 |
0 |
|a Compendio de derecho de civil
|h [Recurso electrn̤ico]
|c Francisco Lled ̤Yagüe, director ; Oscar Monje Balmaseda, coordinador ; Ainhoa Gutiřrez Barrenengoa, Jorge Blanco Lp̤ez ; colaboradores especiales, Juan Jos ̌Rivas Martn̕ez, Vicente Arenal Otero, Javier Gimeno Gm̤ez-Lafuente
|
| 256 |
|
|
|a Servicio en ln̕ea
|
| 260 |
|
|
|a Madrid :
|b Edersa,
|c D.L.2004
|
| 300 |
|
|
|a 621 p. ;
|c 24 cm.
|
| 505 |
|
|
|a T.V. Derecho de Sucesiones
|
| 650 |
0 |
7 |
|a Civil
|2 Tesauro vLex
|
| 650 |
0 |
7 |
|a Sucesorio
|2 Tesauro vLex
|
| 650 |
0 |
7 |
|a Derecho sucesorio
|2 Tesauro vLex
|
| 700 |
1 |
|
|a Blanco Lp̤ez, Jorge
|
| 700 |
1 |
|
|a Gutiřrez Barrenengoa, Ainhoa.
|
| 700 |
1 |
|
|a Lled ̤Yagüe, Francisco,
|e dir.
|
| 700 |
1 |
|
|a Monje Balmaseda, Oscar,
|e dir.
|
| 740 |
0 |
|
|a vLex Libros (Servicios en ln̕ea)
|
| 856 |
4 |
0 |
|u http://vlex.com/source/409
|z Acceso restringido
|
| 942 |
|
|
|c BOOK
|
| 999 |
0 |
|
|a Civil Law
|b Madrid
|